000 00419nam a2200157 4500
001 120898
003 ES-MaACL
005 20230906191639.0
007 t|
008 070214s1955 sp r ||||1| spa d
100 1 _aPombo Angulo, Manuel.
_992912
245 1 0 _aAún...
_b: poemas /
_cManuel Pombo Angulo.
260 _aMadrid :
_bAfrodisio Aguado,
_c1955.
300 _a151 p. ;
_c22 cm.
852 _aES-MaACL
_jC-9220
999 _c120898
_d120898